000 00689nam a2200229Ia 4500
003 OSt
005 20220923225123.0
006 a|||||r|||| 00| 0
007 ta
008 220922b |||||||| |||| 00| 0 san d
024 _a257,643
037 _cTextual
040 _aARTS
_cARTS
_bsan
041 _2san
_asan
082 _aR65,5:g, 15K6
245 0 _aमहर्षिकुल वैभवम्
246 _ahinarṣhikul vaibhavam
260 _aराजस्थान
_b राजस्थान प्राच्य प्रतिष्ठान
_c1966
300 _a139पृ.
_ccm.
942 _hR65,5:g, 15K6
_cTEXL
_2CC
999 _c376197
_d376197